Eva Le Gallienne : (Запис № 493920)

МАРК-запис
000 -LEADER
fixed length control field 04476cam a2200529 a 4500
001 - CONTROL NUMBER
control field evalegalliennebi00shee
003 - CONTROL NUMBER IDENTIFIER
control field CaSfIA
005 - DATE AND TIME OF LATEST TRANSACTION
control field 20210118005122.0
007 - PHYSICAL DESCRIPTION FIXED FIELD--GENERAL INFORMATION
fixed length control field cr||||
008 - FIXED-LENGTH DATA ELEMENTS--GENERAL INFORMATION
fixed length control field 960308s1996 nyua b 001 0beng
010 ## - LIBRARY OF CONGRESS CONTROL NUMBER
LC control number 96013778
040 ## - CATALOGING SOURCE
Original cataloging agency DLC
Transcribing agency DLC
Modifying agency BTCTA
-- YDXCP
-- BAKER
-- OCLCG
-- NIALS
-- UAB
-- HEBIS
-- CaSfIA
019 ## -
-- 317714072
020 ## - INTERNATIONAL STANDARD BOOK NUMBER
International Standard Book Number 0679411178
020 ## - INTERNATIONAL STANDARD BOOK NUMBER
International Standard Book Number 9780679411178
035 ## - SYSTEM CONTROL NUMBER
System control number (OCoLC)34410008
Canceled/invalid control number (OCoLC)317714072
043 ## - GEOGRAPHIC AREA CODE
Geographic area code n-us---
050 00 - LIBRARY OF CONGRESS CALL NUMBER
Classification number PN2287.L2896
Item number S54 1996
082 00 - DEWEY DECIMAL CLASSIFICATION NUMBER
Classification number 792/.028/092
Edition number 20
082 14 - DEWEY DECIMAL CLASSIFICATION NUMBER
Classification number B
Edition number 20
029 1# - (OCLC)
OCLC library identifier YDXCP
System control number 1284839
029 1# - (OCLC)
OCLC library identifier NZ1
System control number 4769167
029 1# - (OCLC)
OCLC library identifier AU@
System control number 000012242291
029 1# - (OCLC)
OCLC library identifier HEBIS
System control number 051519585
029 1# - (OCLC)
OCLC library identifier GEBAY
System control number 2686074
100 1# - MAIN ENTRY--PERSONAL NAME
Personal name Sheehy, Helen,
Dates associated with a name 1948-
245 10 - TITLE STATEMENT
Title Eva Le Gallienne :
Medium [electronic resource]
Remainder of title a biography /
Statement of responsibility, etc Helen Sheehy.
250 ## - EDITION STATEMENT
Edition statement 1st ed.
260 ## - PUBLICATION, DISTRIBUTION, ETC. (IMPRINT)
Place of publication, distribution, etc New York :
Name of publisher, distributor, etc Knopf,
Date of publication, distribution, etc c1996.
300 ## - PHYSICAL DESCRIPTION
Extent 529 p. :
Other physical details ill. ;
Dimensions 25 cm.
504 ## - BIBLIOGRAPHY, ETC. NOTE
Bibliography, etc Includes bibliographical references (p. [465]-508) and index.
530 ## - ADDITIONAL PHYSICAL FORM AVAILABLE NOTE
Additional physical form available note Also issued online.
520 ## - SUMMARY, ETC.
Summary, etc Eva Le Gallienne was a huge star on Broadway before she was twenty-one. She was inspired by the style and brilliance of the Divine Sarah, whom she first saw when she was seven. She was transformed by the incomparable Eleonora Duse, whose denial of self in search of inner truth led Le Gallienne, through years of their intense friendship, to her own emergence as one of the great natural actors of the age.
520 8# - SUMMARY, ETC.
Summary, etc She was taken up at nineteen by Ethel Barrymore, who saw in her a huge talent. At twenty-seven, after appearing in twenty productions, Le Gallienne left Broadway and, following her dream, found and restored a wreck of a building on New York's West Fourteenth Street and created the Civic Repertory Theatre (it became the model for off-Broadway) - putting into production, directing, and starring in as many as forty different plays, including The Three Sisters, The Master Builder, Hedda Gabler, The Cherry Orchard, Peter Pan, Romeo and Juliet, The Seagull, and Alice in Wonderland. After ten years, when she folded the company because of the depression, Le Gallienne returned to Broadway and starred in fifty other productions.
520 8# - SUMMARY, ETC.
Summary, etc She founded and supported noncommercial theatre companies throughout her life, among them the American Shakespeare Theatre and the American Repertory Theatre (which she cofounded with Cheryl Crawford and Le Gallienne's then lover, the brilliant director Margaret Webster).
520 8# - SUMMARY, ETC.
Summary, etc We see Le Gallienne's childhood in London and Paris with her bohemian parents: her Danish mother, a feminist, journalist, and follower of Ibsen and Brandes; and her estranged father, the slightly successful but thoroughly selfish English poet and writer Richard Le Gallienne...her early years as an actor, her triumphs with Barrymore and Basil Rathbone, Joseph Schildkraut, Alla Nazimova, and others. We see the extraordinary women who were drawn to her work and supported it - among them Eleonora Sears, socialite and champion tennis, polo, and squash player; Alice De Lamar, philanthropist; and Mary Curtis Bok Zimbalist, heir to the Curtis Publishing Company. And we see the many women whom she chose to love openly and who loved her back. Using Le Gallienne's diaries, letters, and notes, and interviewing more than 150 of her friends, lovers, acquaintances, and family, Helen Sheehy has brought this complex artist brilliantly alive. Her book is a revelation of the actor's life and work.
506 ## - RESTRICTIONS ON ACCESS NOTE
Standardized terminology for access restriction Необхідна авторизація на https://archive.org/ (створення облікового запису безкоштовно)
506 ## - RESTRICTIONS ON ACCESS NOTE
Standardized terminology for access restriction Необхідна авторизація на https://openlibrary.org/ (створення облікового запису безкоштовно)
600 10 - SUBJECT ADDED ENTRY--PERSONAL NAME
Personal name Le Gallienne, Eva,
Dates associated with a name 1899-1991.
650 #0 - SUBJECT ADDED ENTRY--TOPICAL TERM
Topical term or geographic name as entry element Actors
Geographic subdivision United States
Form subdivision Biography.
600 17 - SUBJECT ADDED ENTRY--PERSONAL NAME
Personal name Le Gallienne, Eva.
Source of heading or term swd
776 08 - ADDITIONAL PHYSICAL FORM ENTRY
Display text Online version:
Main entry heading Sheehy, Helen, 1948-
Title Eva Le Gallienne.
Edition 1st ed.
Place, publisher, and date of publication New York : Knopf, c1996
Record control number (OCoLC)605221904
856 42 - ELECTRONIC LOCATION AND ACCESS
Materials specified Publisher description
Uniform Resource Identifier <a href="http://www.loc.gov/catdir/description/random0410/96013778.html">http://www.loc.gov/catdir/description/random0410/96013778.html</a>
856 41 - ELECTRONIC LOCATION AND ACCESS
Uniform Resource Identifier <a href="http://www.archive.org/details/evalegalliennebi00shee">http://www.archive.org/details/evalegalliennebi00shee</a>
Public note Free eBook from the Internet Archive
856 42 - ELECTRONIC LOCATION AND ACCESS
Uniform Resource Identifier <a href="http://www.openlibrary.org/books/OL976653M">http://www.openlibrary.org/books/OL976653M</a>
Public note Additional information and access via Open Library
942 ## - ADDED ENTRY ELEMENTS (KOHA)
Koha item type ЕКнига

Немає доступних примірників.